| 000 | 00999cam a22003135i 4500 | ||
|---|---|---|---|
| 999 |
_c14258 _d14258 |
||
| 001 | 20750405 | ||
| 005 | 20190906091719.0 | ||
| 008 | 181120s2018 enk 000 0 eng d | ||
| 010 | _a 2018298333 | ||
| 015 |
_aGBB856109 _2bnb |
||
| 016 | 7 |
_a018804977 _2Uk |
|
| 020 | _a978-0-19-842500-7 | ||
| 020 | _a0198425007 | ||
| 035 | _a(OCoLC)on1063558956 | ||
| 040 |
_aUKMGB _beng _cUKMGB _erda _dOCLCO _dDLC |
||
| 042 | _alccopycat | ||
| 082 | 0 | 4 |
_aDC 820 _22018 _bP343 |
| 100 | 1 |
_aPedroz, Mark, _eauthor. _939438 |
|
| 245 | 1 | 0 |
_aComplete literature in English for Cambridge IGCSE & O level / _cMark Pedroz. |
| 250 | _aSecond edition. | ||
| 260 |
_aUK: _bOxford University Press, _c©2018. |
||
| 300 |
_aiv, 228 pages (1 volume) ; _c28 cm |
||
| 500 | _aIncludes Internet access. | ||
| 650 | 0 |
_aEnglish language _xExaminations _vStudy guides. _939439 |
|
| 365 |
_b3,995.00 _cPhp |
||
| 906 |
_a0 _bibc _ccopycat _d2 _encip _f20 _gy-gencatlg |
||
| 942 |
_2ddc _cDC |
||